000 00700nam a2200169Ia 4500
003 GCL
008 140319s9999 xx 000 0 ara d
040 _aGCL /
_cGCL
082 0 4 _a231
_bب ت
100 1 _aالبخارى : ابوعبدالله محمد بن اسماعيل بن ابراهيم بن المغيرة بن بردزيه
245 1 0 _aالتاريخ الصغير /
_cالبخارى : ابوعبدالله محمد بن اسماعيل بن ابراهيم بن المغيرة بن بردزيه
260 _a[S.N] :
_bدار التراث العربى للطباعة والنشر ،
_c1976
300 _a464 ص
490 _a
650 0 4 _aالقصص الدينية
942 _2ddc
_cBK
999 _c58705
_d58705